Statistics for Μύκονος... ή Σαντορίνη;

Click here to take the quiz!

General Stats

  • This quiz has been taken 236 times
  • The average score is 12 of 15

Answer Stats

QuestionAnswer% Correct
Είναι γνωστή για το ηφαίστειό της και την Καλντέρα τηςΣαντορίνη
97%
Λέγεται και ΘήραΣαντορίνη
96%
Γνωστή για το ηλιοβασίλεμά τηςΣαντορίνη
91%
Εκεί ζει ο Πέτρος ο πελεκάνοςΜύκονος
90%
Βρίσκεται στις ΚυκλάδεςΚαι τα δύο
89%
Εκεί βρίσκεται ο παραδοσιακός οικισμός της ΟίαςΣαντορίνη
89%
Αποτελεί πόλο έλξης χιλιάδων τουριστών κατά τους καλοκαιρινούς μήνεςΚαι τα δύο
87%
Φημίζεται για τα τοπικά της προϊόντα όπως η φάβα, το ντοματάκι και τα κρασιά τηςΣαντορίνη
86%
Εκεί βρίσκεται η διάσημη παραλία ΨαρούΜύκονος
85%
Βρίσκεται πιο κοντά στην ΚρήτηΣαντορίνη
83%
Γνωστή για την κοσμοπολίτικη νυχτερινή ζωή τηςΜύκονος
75%
Εκεί μπορούμε να βρούμε την μικρή Βενετία, πολυφωτογραφημένη γειτονιά του νησιούΜύκονος
71%
Το σχήμα του νησιού είναι ημικυκλικό και πεταλοειδέςΣαντορίνη
69%
Εκεί βρίσκεται η Ιερά Μονή Παναγίας ΤουρλιανήςΜύκονος
63%
Φιλοξενεί το Ναυτικό Μουσείο ΑιγαίουΜύκονος
54%

Score Distribution

Percentile by Number Answered

Percent of People with Each Score

Your Score History

You have not taken this quiz